书目信息 |
| 题名: |
语言文字规范实用手册
|
|
| 作者: | 浙江省语言文字工作委员会 编 | |
| 分册: | ||
| 出版信息: | 杭州 杭州大学出版社 1994.04 |
|
| 页数: | 203页 | |
| 开本: | 32开 | |
| 丛书名: | ||
| 单 册: | ||
| 中图分类: | H1-61 | |
| 科图分类: | ||
| 主题词: | 汉语 | |
| 电子资源: | ||
| ISBN: | 7-81035-625-9 | |
| 000 | 00630nam0 2200193 45 | |
| 001 | 0010061582 | |
| 005 | 20001006155008.0 | |
| 010 | @a7-81035-625-9@d6.00元 | |
| 100 | @a20001006d1994 km y0chiy0120 ea | |
| 101 | 0 | @achi |
| 105 | @a z 000yy | |
| 200 | 1 | @a语言文字规范实用手册@AYu Yan Wen Zi Gui Fan Shi Yong Shou Ce@f浙江省语言文字工作委员会编@FZhe Jiang Sheng Yu Yan Wen Zi Gong Zuo Wei Yuan Hui Bian |
| 210 | @a杭州@c杭州大学出版社@d1994.04 | |
| 215 | @a203页@d32开 | |
| 606 | 0 | @a汉语 |
| 690 | @aH1-61@v3 | |
| 701 | 0 | @a浙江省语言文字工作委员会@4编 |
| 801 | @aCN@bPftUser@c20001006 | |
| 905 | @b168300-304@dH1-61@eZH.785@f5 | |
| 语言文字规范实用手册/浙江省语言文字工作委员会编.-杭州:杭州大学出版社,1994.04 |
| 203页;32开 |
| ISBN 7-81035-625-9:6.00元 |
| ● |
| 相关链接 |
|
|
|
正题名:语言文字规范实用手册
索取号:H1-61/ZH.785
 
预约/预借
| 序号 | 登录号 | 条形码 | 馆藏地/架位号 | 状态 | 备注 |
| 1 | 168300 | 201683008 | 语言库209/209语言库 70排1列6层/ [索取号:H1-61/ZH.785] | 在馆 | |
| 2 | 168301 | 201683017 | 语言库209/209语言库 70排1列6层/ [索取号:H1-61/ZH.785] | 在馆 | |
| 3 | 168302 | 201683026 | 语言库209/209语言库 70排1列6层/ [索取号:H1-61/ZH.785] | 在馆 | |
| 4 | 168303 | 201683035 | 语言库209/209语言库 70排1列6层/ [索取号:H1-61/ZH.785] | 在馆 | |
| 5 | 168304 | 201683044 | 语言库209/209语言库 70排1列6层/ [索取号:H1-61/ZH.785] | 在馆 |